00335 a2200145 450000100060000002000150000604000240002110000200004524000350006524500300010030000070013036200090013744000120014665000310015869347 a8508086431 cAnchieta - Itaigara aBrezina, Thomas10aA maldição das bruxaslpor10aA maldição das bruxas a870 a2003 1aÁtica 4aLiteratura infanto-juvenil